Využitie strojového učenia pri modelovaní frekvencie škôd v havarijnom poistení diplomová práca

Na minha lista:
Detalhes bibliográficos
Autor principal: Škopek, Juraj
Autor Corporativo: Fakulta hospodárskej informatiky EU. Katedra matematiky a aktuárstva
Outros Autores: Mucha, Vladimír, 1976-
Formato: Livro
Idioma:eslovaco
Publicado em: Bratislava 2023
Tags: Adicionar Tag
Sem tags, seja o primeiro a adicionar uma tag!

MARC

LEADER 00000nbm a2200000 4500
001 0294033
005 20240229133331.9
041 0 |a slo 
044 |a SK 
245 1 0 |a Využitie strojového učenia pri modelovaní frekvencie škôd v havarijnom poistení  |b diplomová práca  |c Juraj Škopek ; školiteľ: Vladimír Mucha 
264 1 |a Bratislava  |c 2023 
300 |a 119 s. 
100 1 |a Škopek, Juraj 
700 1 |a Mucha, Vladimír, 1976- 
710 2 |a Fakulta hospodárskej informatiky EU. Katedra matematiky a aktuárstva